00526nam a2200157Ia 4500100001700000942000700017654001300024245002500037260003600062082001700098300000800115546001200123999001700135952010800152952010800260 aClifton/H.D  cBK abusiness aBusiness data system bprentice hallaNew Jerseyc1983 a658.054bCLI a387 aENGLISH c23233d23233 001040708CRCaCRCEbCRCEd2023-03-17g75.00l0o658.054 CLIp1465r2023-03-17v75.00w2023-03-17yBK 001040708CRCaCRCEbCRCEd2023-03-17g55.00l0o658.054 CLIp1466r2023-03-17v55.00w2023-03-17yBK